1796 1028 1420 1870 1908 1177 1666 1927 1863 1616 1524 1701 1217 1603 1131 1559 1639 1226 1636 1556 1877 1930 1991 1481 1495 1002 1528 1742 1313 1945 1314 1371 1092 1011 1692 1271 1300 1111 1057 1144 1688 1571 1850 1961 1657 1607 1410 1925 1575 1230 1504 1837 1704 1095 1540 1313 1386 1445 1196 1399 1311 1825 1985 1223 1685 1828 1957 1993 1612 1420 1327 1381 1618 1950 1231 1668 1354 1264 1240 1899 1942 1113 1390 1557 1193 1155 1712 1233 1363 1143 1531 1136 1303 1224 1889 1468 1850 1728 1687 BCNSPRNW ULIB Ver.6.0+V

เปลี่ยนเป็นภาษาไทย

Change to English
 แสดงรายละเอียดบรรณานุกรม
  กลับหน้าหลัก

Brief Record : Get Marc (ISO 2709) : E-mail record : QR code < ปิดหน้าต่าง
LEADER : 00000nam 2200000uu 4500
001    13399120732
003     ULIB
008    121005s2550||||th 000 0 tha d
020    ^a9789747472240
050 04 ^aBF576^bส588อ
100 0  ^aสันทัด จ่าม่วง
245 10 ^a17 วิธี เป็นคนฉลาดทางอารมณ์ (Emotion Quotient) :^bเพิ่ม EQด้วยแนวคิดเชิงพุทธศาสนา /^cสันทัด จ่าม่วง ; บรรณาธิการ ชัชฏาพร นิ่มอนงค์
246 30 ^aสิบเจ็ดวิธีเป็นคนฉลาดทางอารมณ์
246 31 ^aEmotional Quotient
246 34 ^aEmotional Quotient 17 วิธีเป็นคนฉลาดทางอารมณ์ เพิ่ม EQด้วยแนวคิดเชิงพุทธศาสนา
250    ^aพิมพ์ครั้งที่ 1
260    ^aกรุงเทพฯ :^bบีเวล พับลิชชิ่ง,^c2550
300    ^a130 หน้า :^bภาพประกอบ ;^c18 ซม.
650  4 ^aความฉลาดทางอารมณ์
650  4 ^aอารมณ์^xแง่ศาสนา^xพุทธศาสนา
700 0  ^aชัชฏาพร นิ่มอนงค์,^eบรรณาธิการ
945    ^p150^l0^i14399
949    ^aวิภา
999 ^a ใช้งานได้ทุกระบบ
รายการนี้ยังไม่มีแท็ก
คุณยังไม่ได้ล็อกอิน คุณสามารถมีกิจกรรมร่วมกับเว็บไซต์ได้ แต่ต้องล็อกอินก่อน ::
  ล็อกอิน

รายการสื่อสารสนเทศ

ลำดับที่ ประเภท เลขเรียก/บาร์โค้ด สถานที่ สถานะ
1. วิทยาศาสตร์การแพทย์ และสุขภาพ
วิทยาศาสตร์การแพทย์ และสุขภาพ
BF576 ส588อ  
  Barcode: 14399
ห้องสมุดวิทยาเขตสวรรค์ประชารักษ์
►หนังสือทั่วไป
บนชั้น

รายการใกล้เคียง
    ผู้แต่ง [สันทัด จ่าม่วง]

    หัวเรื่อง [ความฉลาดทางอารมณ์]

BibComment


ยังไม่เคยถูกคอมเมนท์

คอมเมนท์ทรัพยากรรายการนี้
  คอมเมนท์: 17 วิธี เป็นคนฉล..


 Copyright 2026. Bcnsprnw @Library